00581naa a22001211i 4500003000900000005001700009008004100026040001600067100013000083245012500213500002800338773009300366KOSZ 00520171205094830.0171128s2012 xxu||||f |||| 00| ||eng d cKOSZ 005/ac1 aSŁOWIK, Adam.d2005 - .bPolitechnika Koszalińska - Wydział Elektroniki i Informatyki,cKatedra Inżynierii Komputerowej10aIntroduction to the special section on intelligent systems /cMilos Manic, Honghai Liu, Adam Słowik, Bogdan Wilamowski. aDane z listy A.Słowik.0 iW :tIEEE Transactions on Industrial Electronics. -g2012, Vol. 59, No. 8, pp. 3046-3048